000 01437nas a2200277Ia 4500
001 R232-R2135
003 IT-CnALBA
008 170116c99999999xx |||||||||||| ||und||
040 _aIT-CnALBA
_cIT-CnALBA
041 _aITALIANO
100 _aGRASSO DOMENICO, SJ.
210 _aIL MESSAGGIO DEL SACRO CUORE
222 _aIL MESSAGGIO DEL SACRO CUORE
245 0 _aIL MESSAGGIO DEL SACRO CUORE. N. XXIII. DICEMBRE 1982. ORGANO UFFICIALE DELL'APOSTOLATO DELLA PREGHIERA.
250 _a1a ed.
260 _a ROMA
_bMESSAGGERO DEL SACRO CUORE
_c1982
300 _a96 p.
310 _aQUINDICINALE
362 _aFascicolo: 23 / (1982)
500 _aINTENZIONI DEL PAPA. GIORNATA DELLA PACE, DIALOGO. SALVEZZA. PAROLE DI VITA, LITURGIA. NARDELLI A. NOVENA DI NATALE. INCONTRO MENSILE. VITA DEI GRUPPI. PREPARAZIONE AL CONGRESSO EUCARISTICO DI MILANO. TESTIMONIANZE E INCONTRI. INIZIATIVE PER NUOVI ANIMATORI E ANIMATRICI. CONVEGNI.
501 _aSocietà San Paolo EM - Piazza San Paolo, 14 - 12051 ALBA (CN) (non commercial uses only) ® Copyright 2017
520 _aINTENZIONI DEL PAPA. GIORNATA DELLA PACE, DIALOGO. SALVEZZA. PAROLE DI VITA, LITURGIA. NARDELLI A. NOVENA DI NATALE. INCONTRO MENSILE. VITA DEI GRUPPI. PREPARAZIONE AL CONGRESSO EUCARISTICO DI MILANO. TESTIMONIANZE E INCONTRI. INIZIATIVE PER NUOVI ANIMATORI E ANIMATRICI. CONVEGNI.
650 _aVITA E MISTERO DI CRISTO
942 _cCR
957 _71
999 _a12113
_bNO
_g1
_c320210
_d320210